[Event "Athens op 08"]
[Site "Athens"]
[Date "2012.08.01"]
[Round "3"]
[White "Halikias, Miltiadis"]
[Black "Finokaliotis, Georgios"]
[Result "0-1"]
[WhiteElo "1410"]
[BlackElo "2064"]
[PlyCount "138"]
[EventDate "2012.07.30"]
[EventType "swiss"]
[EventRounds "7"]
[EventCountry "GRE"]
[SourceTitle "EXT 2014"]
[Source "ChessBase"]
[SourceDate "2013.11.20"]
[SourceVersion "1"]
[SourceVersionDate "2013.11.20"]
[SourceQuality "1"]

1. e4 Nf6 2. e5 Nd5 3. Nc3 Nxc3 4. dxc3 g6 5. Bc4 Bg7 6. Be3 Nc6 7. f4 d6 8. exd6 cxd6 9. Nf3 0-0 10. Qd2 a6 11. Nd4 Nxd4 12. Bxd4 e5 13. Bf2 exf4 14. 0-0-0 Be5 15. h3 Bf5 16. Rhe1 b5 17. Bb3 Kg7 18. Qd5 Qc7 19. Re2 Rab8 20. Qf3 a5 21. Bd4 f6 22. Red2 a4 23. Bd5 b4 24. Bxe5 dxe5 25. Bc6 bxc3 26. Rd7+ Bxd7 27. Rxd7+ Qxd7 28. Bxd7 cxb2+ 29. Kb1 Rfd8 30. Bxa4 e4 31. Qe2 e3 32. Bb3 Rd2 33. Qe1 Rbd8 34. Kxb2 Rxg2 35. Qb4 e2 36. Qe7+ Kh6 37. Bc4 f3 38. Qe3+ g5 39. h4 Rd1 40. hxg5+ Rxg5 41. Bxe2 fxe2 42. Qxe2 Rdd5 43. Qh2+ Kg6 44. a4 h5 45. Kb3 Rde5 46. Qd2 h4 47. Qd3+ Ref5 48. Qd8 Kh5 49. Qd4 Rg4 50. Qd7 Rg3+ 51. c3 Rff3 52. Qh7+ Kg4 53. Qd7+ f5 54. Qd4+ Kh3 55. a5 Rxc3+ 56. Qxc3 Rxc3+ 57. Kxc3 f4 58. a6 f3 59. a7 f2 60. a8Q f1Q 61. Qc8+ Kg3 62. Qg8+ Kh2 63. Qb8+ Kg1 64. Qb6+ Qf2 65. Qg6+ Kh2 66. Qe4 h3 67. Kc4 Kg1 68. Qg4+ Qg2 69. Qd1+ Qf1+ 0-1